000 00310nam a2200121Ia 4500
008 230511s1983 xx 000 0 und d
041 _aeng
082 _a348.041
100 _aThakare D K
245 _aThe Bombay Law Repoter LXV
260 _aMumbai
_bBombay Law Reporter
_c1983
906 _aHigh Court Cases
999 _c353795
_d353795